পরিসংখ্যান প্রথম পত্র একাদশ-দ্বাদশ শ্রেণি / (Record no. 7605)
[ view plain ]
| 000 -LEADER | |
|---|---|
| fixed length control field | 00740nam a2200217 a 4500 |
| 001 - CONTROL NUMBER | |
| JCCL Control Number | 7605 |
| 003 - CONTROL NUMBER IDENTIFIER | |
| JCCL marc code | BD-JhCC |
| 005 - DATE AND TIME OF LATEST TRANSACTION | |
| control field | 20210927134021.0 |
| 008 - FIXED-LENGTH DATA ELEMENTS--GENERAL INFORMATION | |
| fixed length control field | 180212b2013 bg a|||| ||a| 00| 0 ben d |
| 035 ## - SYSTEM CONTROL NUMBER | |
| system control number | (BD-JhCC) 7605 |
| 040 ## - CATALOGING SOURCE | |
| Original cataloging agency | BD-JhCC |
| Modifying agency | BD-JhCC |
| 041 ## - LANGUAGE CODE | |
| Language code of Book | ben |
| 082 ## - DEWEY DECIMAL CLASSIFICATION NUMBER | |
| Classification number | 519.5 |
| Author mark and Year | AZI 2013 |
| 100 ## - MAIN ENTRY--PERSONAL NAME | |
| Personal name | আজিজ, মোঃ আব্দুল |
| 245 ## - TITLE STATEMENT | |
| Title | পরিসংখ্যান প্রথম পত্র একাদশ-দ্বাদশ শ্রেণি / |
| Statement of responsibility, etc | মোঃ আব্দুল আজিজ, |
| 260 ## - PUBLICATION, DISTRIBUTION, ETC. (IMPRINT) | |
| Place of publication, distribution, etc | ঢাকা : |
| Name of publisher, distributor, etc | দি এ্যানজেল পাবলিকেশন্স, |
| Date of publication, distribution, etc | 2013 |
| 300 ## - PHYSICAL DESCRIPTION | |
| Pagination | 269 p .: |
| Dimensions | 24 cm . |
| 650 ## - SUBJECT ADDED ENTRY--TOPICAL TERM | |
| Topical term or geographic name as entry element | Statisties |
| 942 ## - ADDED ENTRY ELEMENTS (KOHA) | |
| Source of classification or shelving scheme | Dewey Decimal Classification |
| Koha item type | Books |
| Koha issues (borrowed), all copies | 2 |
| Source of classification or shelving scheme | Damaged status | Not for loan | Home library | Current library | Shelving location | Date of accession | Cost, normal purchase price | Total Checkouts | Full call number | Barcode | Date last seen | Copy number | Koha item type | Date checked out |
|---|---|---|---|---|---|---|---|---|---|---|---|---|---|---|
| Dewey Decimal Classification | JCC Rouf Library | JCC Rouf Library | General Stacks | 02/12/2018 | 91.00 | 519.5 AZI 2013 | 9951 | 02/12/2018 | C-1 | Books | ||||
| Dewey Decimal Classification | JCC Rouf Library | JCC Rouf Library | General Stacks | 08/31/2019 | 231.00 | 1 | 519.5 AZI 2019 | 15575 | 01/20/2022 | C-2 | Books | 09/26/2021 | ||
| Dewey Decimal Classification | JCC Rouf Library | JCC Rouf Library | General Stacks | 08/31/2019 | 231.00 | 519.5 AZI 2019 | 15574 | 08/31/2019 | C-3 | Books | ||||
| Dewey Decimal Classification | JCC Rouf Library | JCC Rouf Library | General Stacks | 08/31/2019 | 231.00 | 519.5 AZI 2019 | 15573 | 08/31/2019 | C-4 | Books |